Základy finančného práva

Gespeichert in:
Bibliographische Detailangaben
1. Verfasser: Grúň, Ľubomír
Körperschaft: Ekonomická univerzita v Bratislave. Obchodná fakulta
Weitere Verfasser: Králik, Jozef
Format: Buch
Sprache:Slowakisch
Veröffentlicht: Bratislava Ekonóm 1995
Ausgabe:1. vyd.
Schlagworte:
Tags: Tag hinzufügen
Keine Tags, Fügen Sie das erste Tag hinzu!

MARC

LEADER 00000nam a2200000 4500
001 c012162
005 20221214072418.3
020 |a 80-225-0719-9 
041 0 |a slo 
044 |a SK 
245 1 0 |a Základy finančného práva  |c Ľubomír Grúň, Jozef Králik 
250 |a 1. vyd. 
264 1 |a Bratislava  |b Ekonóm  |c 1995 
300 |a 102 s. 
610 2 0 |a právo finančné 
610 2 0 |a právo hospodárske 
610 2 0 |a dane priame 
610 2 0 |a dane nepriame 
610 2 0 |a konanie súdne občianske 
610 2 0 |a poplatky 
610 2 0 |a právo colné 
610 2 0 |a politika finančná 
100 1 |a Grúň, Ľubomír 
700 1 |a Králik, Jozef 
710 2 |a Ekonomická univerzita v Bratislave. Obchodná fakulta